Statistics for US President who have visited Italy or Vatican City

Click here to take the quiz!

General Stats

  • This quiz has been taken 87 times
  • The average score is 13 of 14

Answer Stats

Times visitedYear(s) visitedPresident% Correct
2(ITA)(VAT)2009, 2014Barack Obama
99%
2(ITA) 1(VAT)2017Donald Trump
98%
8(ITA) 1(VAT)1994, 1996, 1997, 1999Bill Clinton
96%
2(ITA)(VAT)1989, 1991George H. W. Bush
96%
6(ITA) 4(VAT)2001, 2002, 2004, 2005, 2007, 2008George W. Bush
96%
2(ITA)(VAT)1982, 1987Ronald Reagan
94%
1(ITA)(VAT)1963John F. Kennedy
93%
1(ITA)1943Franklin D. Roosevelt
90%
2(ITA) 1(VAT)1969, 1970Richard Nixon
90%
1(ITA)(VAT)1959Dwight D. Eisenhower
84%
1(ITA)(VAT)1980Jimmy Carter
84%
1(ITA)(VAT)1975Gerald Ford
83%
1(ITA)(VAT)1967Lyndon B. Johnson
82%
1(ITA)(VAT)1919Woodrow Wilson
73%

Score Distribution

Percentile by Number Answered

Percent of People with Each Score

Your Score History

You have not taken this quiz